000 00661nam a22001937a 4500
005 20251108165404.0
008 250721s1978 xx 000 0 ara d
082 1 4 _aم/922.174/قرش
100 1 _aالقرشي، محي الدين أبو محمد عبد القادر بن ...
245 1 0 _aالجواهر المضية في طبقات الحنفية /
264 1 _aالقاهرة :
_bمكتبة الإيمان،
_c1978.
300 _a
650 1 7 _aالفقهاء
650 1 7 _aالتراجم
650 1 7 _aالمذاهب الإسلامية
700 1 _aالحلو، عبد الفتاح محمد
_eتحقيق
942 _2ddc
_cREF
999 _c26737
_d26737